000
00329nam a2200133Ia 4500
008
240624s9999 xx 000 0 und d
041
_a
eng
082
_a
005.19 MOO
100
_a
MOORE JONATHAN
245
_a
MOODLE 1 9 EXTENSION DEVELOPMENT
260
_c
2010
_a
New Delhi
_b
Packt Publishing
300
_a
320 : p.
365
_c
RS
999
_c
17099
_d
17099